<?xml version="1.0" encoding="UTF-8"?>
<record
    xmlns:xsi="http://www.w3.org/2001/XMLSchema-instance"
    xsi:schemaLocation="http://www.loc.gov/MARC21/slim http://www.loc.gov/standards/marcxml/schema/MARC21slim.xsd"
    xmlns="http://www.loc.gov/MARC21/slim">

  <leader>01578nam a2200325 i 4500</leader>
  <controlfield tag="001">42835</controlfield>
  <controlfield tag="003">gtgccic</controlfield>
  <controlfield tag="005">20250205145206.0</controlfield>
  <controlfield tag="007">ta</controlfield>
  <controlfield tag="008">250205|        gt ||||| |||| 00| 0 spa d</controlfield>
  <datafield tag="040" ind1=" " ind2=" ">
    <subfield code="a">gtgccic</subfield>
    <subfield code="b">spa</subfield>
    <subfield code="c">gtgccic</subfield>
    <subfield code="e">rda</subfield>
  </datafield>
  <datafield tag="084" ind1=" " ind2=" ">
    <subfield code="0">C-74-1037</subfield>
  </datafield>
  <datafield tag="100" ind1="1" ind2="0">
    <subfield code="a">Guinea Morales, Walter Gerardo</subfield>
    <subfield code="d">1974</subfield>
    <subfield code="e">Autor</subfield>
  </datafield>
  <datafield tag="245" ind1="1" ind2="0">
    <subfield code="a">Estudio integral de los recursos de agua de la Cuenca del R&#xED;o Polochic /</subfield>
    <subfield code="c">Walter Gerardo Guinea Morales.</subfield>
  </datafield>
  <datafield tag="264" ind1=" " ind2="1">
    <subfield code="a">Guatemala, Guatemala :</subfield>
    <subfield code="b">Facultad de Ingenier&#xED;a, Universidad de San Carlos de Guatemala,</subfield>
    <subfield code="c">1974.</subfield>
  </datafield>
  <datafield tag="300" ind1=" " ind2=" ">
    <subfield code="a">95 p&#xE1;ginas :</subfield>
    <subfield code="b">Ilustraciones,</subfield>
    <subfield code="c">27 cm</subfield>
  </datafield>
  <datafield tag="336" ind1=" " ind2=" ">
    <subfield code="2">rdacontenido</subfield>
    <subfield code="a">Texto</subfield>
    <subfield code="b">txt</subfield>
  </datafield>
  <datafield tag="337" ind1=" " ind2=" ">
    <subfield code="2">rdamedio</subfield>
    <subfield code="a">sin mediaci&#xF3;n</subfield>
    <subfield code="b">n</subfield>
  </datafield>
  <datafield tag="338" ind1=" " ind2=" ">
    <subfield code="2">rdasoporte</subfield>
    <subfield code="a">volumen</subfield>
    <subfield code="b">nc</subfield>
  </datafield>
  <datafield tag="502" ind1=" " ind2=" ">
    <subfield code="a">Ingeniero Civil,</subfield>
    <subfield code="b">Tesis de Grado,</subfield>
    <subfield code="c">Usac,</subfield>
    <subfield code="d">1974.</subfield>
    <subfield code="o">C741034</subfield>
  </datafield>
  <datafield tag="504" ind1=" " ind2=" ">
    <subfield code="a">Bibliograf&#xED;a p&#xE1;ginas 94-95</subfield>
  </datafield>
  <datafield tag="520" ind1=" " ind2="3">
    <subfield code="a">El presente trabajo es un estudio realizado a uno de los recursos m&#xE1;s importantes el "Agua". La Universidad de San Carlos, atraves de la Facultad de Ingenier&#xED;a y otras escuelas tienen incluidos dentro de sus presupuestos se incluyen los estudio se investigaciones para encontrar correctivos que preserven el sistema ecol&#xF3;gico.

Por ello se presenta esta tesis sobre la importancia de estudiar las caracter&#xED;sticas, extensi&#xF3;n, caudales y otros factores de la Cuenca de R&#xED;o Polochic. </subfield>
  </datafield>
  <datafield tag="546" ind1=" " ind2=" ">
    <subfield code="a">Espa&#xF1;ol</subfield>
  </datafield>
  <datafield tag="650" ind1="1" ind2="4">
    <subfield code="a">Recursos Hidrol&#xF3;gicos</subfield>
  </datafield>
  <datafield tag="650" ind1="1" ind2="4">
    <subfield code="a">Hidrolog&#xED;a</subfield>
  </datafield>
  <datafield tag="650" ind1="1" ind2="4">
    <subfield code="a">Pluviometr&#xED;a</subfield>
  </datafield>
  <datafield tag="700" ind1="1" ind2="0">
    <subfield code="a">Pellecer Zelada, Benigno</subfield>
    <subfield code="e">Asesor</subfield>
  </datafield>
  <datafield tag="942" ind1=" " ind2=" ">
    <subfield code="0">tes</subfield>
    <subfield code="c">TES</subfield>
    <subfield code="k">C741037</subfield>
    <subfield code="n">0</subfield>
  </datafield>
  <datafield tag="945" ind1=" " ind2=" ">
    <subfield code="a">MC</subfield>
  </datafield>
  <datafield tag="999" ind1=" " ind2=" ">
    <subfield code="c">247</subfield>
    <subfield code="d">247</subfield>
  </datafield>
  <datafield tag="952" ind1=" " ind2=" ">
    <subfield code="0">0</subfield>
    <subfield code="1">0</subfield>
    <subfield code="4">0</subfield>
    <subfield code="7">0</subfield>
    <subfield code="a">CICON</subfield>
    <subfield code="b">CICON</subfield>
    <subfield code="d">2025-02-05</subfield>
    <subfield code="i">T19741037</subfield>
    <subfield code="l">0</subfield>
    <subfield code="o">C-74-1037</subfield>
    <subfield code="p">TC19741037</subfield>
    <subfield code="r">2025-02-05 14:54:23</subfield>
    <subfield code="w">2025-02-05</subfield>
    <subfield code="y">TES</subfield>
    <subfield code="z">Disponible</subfield>
  </datafield>
</record>
